000 00553nam a2200181 i 4500
001 37394
003 ES-MaACL
005 20230906155551.0
007 t|
008 030221s1969 sp ||||1| spa d
100 1 _aBuescher, Gustav.
_9181716
245 1 0 _aA. B. C. de la electroacústica /
_cGustav Büscher ; versión José L. Villodas Ibáñez.
260 _aBarcelona :
_bMarcombo,
_c[1969]
300 _a150 p. :
_bil. ;
_c17 cm.
700 1 _aVillodas Ibáñez, José L.
_9115266
852 _aES-MaACL
_jC-52290
_bR.71167
999 _c37394
_d37394